<?xml version="1.0" encoding="UTF-8"?>
<record
    xmlns:xsi="http://www.w3.org/2001/XMLSchema-instance"
    xsi:schemaLocation="http://www.loc.gov/MARC21/slim http://www.loc.gov/standards/marcxml/schema/MARC21slim.xsd"
    xmlns="http://www.loc.gov/MARC21/slim">

  <leader>02025nam a22001697a 4500</leader>
  <controlfield tag="008">180206b        xxu||||| |||| 00| 0 eng d</controlfield>
  <datafield tag="020" ind1=" " ind2=" ">
    <subfield code="a">0873223217</subfield>
  </datafield>
  <datafield tag="050" ind1=" " ind2=" ">
    <subfield code="a">QP84.G75</subfield>
  </datafield>
  <datafield tag="100" ind1=" " ind2=" ">
    <subfield code="a">MALINA, Robert M.</subfield>
  </datafield>
  <datafield tag="245" ind1=" " ind2=" ">
    <subfield code="a">Growth, maturation, and physical activity. /</subfield>
    <subfield code="c">Robert M. Malina and Claude Bouchard</subfield>
  </datafield>
  <datafield tag="260" ind1=" " ind2=" ">
    <subfield code="a">Illinois:</subfield>
    <subfield code="b">Human Kinetics Books,</subfield>
    <subfield code="c">1991.</subfield>
  </datafield>
  <datafield tag="300" ind1=" " ind2=" ">
    <subfield code="a">ix, 501p.:</subfield>
    <subfield code="b">ill.;</subfield>
    <subfield code="c">25cm</subfield>
  </datafield>
  <datafield tag="500" ind1=" " ind2=" ">
    <subfield code="a">Includes bibliographical references and index.</subfield>
  </datafield>
  <datafield tag="505" ind1=" " ind2=" ">
    <subfield code="a">Contents:Part One: Introducing the basics of growth, maturation, and physical activity: Introductory concepts -- The study of growth, maturation and performance -- Prenatal growth and development -- Part Two: Age and sex-associated variation in growth: Somatic growth -- Development of physique -- Models and methods for studying body composition -- Bone tissue in skeletal growth and body composition -- Muscle tissue changes during growth -- Heart, blood, and lung changes during growth -- Part Three: Age and sex-associated variation in performance: Motor development during infancy and childhood -- Strength and motor performance during growth -- Aerobic power and capacity during growth -- Anaerobic power and capacity during growth -- Part Four: Biological maturation: Biological maturation: Concept and assessment -- Timing and sequence of changes in growth, maturation, and performance during adolescence -- Maturity-associated variation in growth -- Maturity-associated variation in performance -- Part Five: Regulatory and influencing factors: Genetic regulation of growth, maturation, and performance -- Endocrine regulation of growth and maturation -- Energy and nutritional requirements -- Physical activity as a factor in growth, maturation, and performance -- Other factors affecting growth and maturation -- Other factors affecting performance -- Part Six:The child in physical activity and sport: Applications: Risk factors and children's health -- Characteristics of young athletes.</subfield>
  </datafield>
  <datafield tag="700" ind1=" " ind2=" ">
    <subfield code="a">BOUCHARD, Claude</subfield>
  </datafield>
  <datafield tag="942" ind1=" " ind2=" ">
    <subfield code="2">lcc</subfield>
    <subfield code="c">BK</subfield>
  </datafield>
  <datafield tag="999" ind1=" " ind2=" ">
    <subfield code="c">6472</subfield>
    <subfield code="d">13972</subfield>
  </datafield>
  <datafield tag="952" ind1=" " ind2=" ">
    <subfield code="0">0</subfield>
    <subfield code="1">0</subfield>
    <subfield code="2">lcc</subfield>
    <subfield code="4">0</subfield>
    <subfield code="7">0</subfield>
    <subfield code="a">WIUC-1</subfield>
    <subfield code="b">WIUC-1</subfield>
    <subfield code="c">NURS L.</subfield>
    <subfield code="d">2018-02-06</subfield>
    <subfield code="l">0</subfield>
    <subfield code="o">QP84.G75</subfield>
    <subfield code="p">NURS/443/105/18</subfield>
    <subfield code="r">2018-02-06 00:00:00</subfield>
    <subfield code="t">1</subfield>
    <subfield code="w">2018-02-06</subfield>
    <subfield code="y">BK</subfield>
  </datafield>
</record>
